header

Vargas and Brazil (Record no. 246955)

MARC details
000 -LEADER
fixed length control field 01369nam a2200349Ia 4500
082 04 - DEWEY DECIMAL CLASSIFICATION NUMBER
Classification number 981.06/1092
-- B
245 00 - TITLE STATEMENT
Title Vargas and Brazil
260 ## - PUBLICATION, DISTRIBUTION, ETC. (IMPRINT)
Place of publication New York :
Name of publisher Palgrave Macmillan,
Year of publication 2006.
300 ## - PHYSICAL DESCRIPTION
Number of Pages xiv, 306 p.
490 1# - SERIES STATEMENT
Series statement Studies of the Americas
650 #0 - SUBJECT ADDED ENTRY--TOPICAL TERM
Topical Term Historiography
700 1# - ADDED ENTRY--PERSONAL NAME
Personal name Hentschke, Jens R.
856 40 - ELECTRONIC LOCATION AND ACCESS
Uniform Resource Identifier http://site.ebrary.com/lib/rucke/Doc?id=10167434

No items available.

© 2026 Rongo University
Contact us: librarian | system librarian | Rongo university